The prince & me / Paramount Pictures presents in ... Read More
Available copies
- 1 of 1 copy available at LARL/NWRL Consortium.
Current holds
0 current holds with 1 total copy.
Show Only Available Copies
| Location | Call Number / Copy Notes | Barcode | Shelving Location | Status | Due Date |
|---|---|---|---|---|---|
| Greenbush Public Library | DVD PRI (Text) | 35500006396970 | Main | Available | - |
Record details
- ISBN: 0792197747
- ISBN: 9780792197744
- Physical Description: 1 videodisc (110 min.) : sound, color ; 4 3/4 in.
- Edition: Special collector's ed. ; full screen version.
- Publisher: Hollywood, Calif. : Paramount, ©2004.
Content descriptions
| General Note: | Special features: commentary by director Martha Coolidge; the lawn mower race of 'The prince & me'; ... Read More |
| Creation/Production Credits Note: | Director of photography, Alex Nepomniaschy ; ... Read More |
| Participant or Performer Note: | Julia Stiles, Luke Mably, Ben Miller, James Fox, ... Read More |
| Summary, etc.: | Paige is a college student at a university in ... Read More |
| Target Audience Note: | MPAA rating: PG; for some sex-related material and ... Read More |
| System Details Note: | DVD, region 1, full screen (1.33:1) presentation; ... Read More |
| Language Note: | English or French dialogue; English or Spanish ... Read More |
Search for related items by subject
| Subject: | Women college students > Wisconsin > Drama. Princes > Denmark > Drama. Man-woman relationships > Drama. Man-woman relationships Princes Women college students Denmark Wisconsin |
Search for related items by series
| LDR | 05396cgm a2200949 a 4500 | ||
|---|---|---|---|
| 001 | 480821 | ||
| 003 | LARL_NWRL_CONSORTIUM | ||
| 005 | 20260218130108.0 | ||
| 008 | 040525s2004 cau110 g vleng d | ||
| 007 | vd cvaizq | ||
| 035 | . | ‡a(OCoLC)55482622 | |
| 040 | . | ‡aTEFMT ‡beng ‡cTEFMT ‡dTEF ‡dOCLCQ ‡dOCL ‡dBTCTA ‡dOCLCQ ‡dOCLCG ‡dIMD ‡dOCLCQ ‡dOCLCF ‡dOCLCA ‡dZGR ‡dOCLCO ‡dOCL ‡dOCLCO ‡dOCLCQ ‡dOCLCO ‡dTXCWF ‡dOCLCO ‡dOCLCA ‡dTXMAR ‡dOI6 ‡dOCLCO ‡dKC# ‡dOCLCA ‡dWAU ‡dEYP ‡dMZ# ‡dOCLCO ‡dLKC ‡dOCLCO ‡dLE8 ‡dZQP ‡dOCLCO ‡dO2C ‡dOCL ‡dOCLCO ‡dLE# ‡dOCLCO ‡dOCLCQ ‡dOCLCL ‡dOCLCO ‡dOCLCL ‡dOCLCO ‡dOCLCL | |
| 019 | . | ‡a1201191999 | |
| 020 | . | ‡a0792197747 | |
| 020 | . | ‡a9780792197744 | |
| 024 | 1 | . | ‡a097360512748 |
| 028 | 4 | 2. | ‡a05127 ‡bParamount |
| 035 | . | ‡a(OCoLC)55482622 ‡z(OCoLC)1201191999 | |
| 037 | . | ‡bMidwest Tapes ‡nhttp://www.midwesttapes.com | |
| 041 | 1 | . | ‡aeng ‡afre ‡jeng ‡jspa ‡heng |
| 043 | . | ‡an-us-wi ‡ae-dk--- | |
| 082 | 0 | 4. | ‡a791.43/72 ‡222 |
| 245 | 0 | 4. | ‡aThe prince & me / ‡cParamount Pictures presents in association with Lions Gate Entertainment, a Sobini Films production, a Martha Coolidge film ; produced by Mark Amin ; story by Mark Amin and Katherine Fugate ; screenplay by Jack Amiel & Michael Begler and Katherine Fugate ; directed by Martha Coolidge. |
| 246 | 3 | . | ‡aPrince and me |
| 250 | . | ‡aSpecial collector's ed. ; full screen version. | |
| 260 | . | ‡aHollywood, Calif. : ‡bParamount, ‡c©2004. | |
| 300 | . | ‡a1 videodisc (110 min.) : ‡bsound, color ; ‡c4 3/4 in. | |
| 336 | . | ‡atwo-dimensional moving image ‡btdi ‡2rdacontent | |
| 337 | . | ‡avideo ‡bv ‡2rdamedia | |
| 338 | . | ‡avideodisc ‡bvd ‡2rdacarrier | |
| 490 | 0 | . | ‡aFull screen DVD collection |
| 538 | . | ‡aDVD, region 1, full screen (1.33:1) presentation; Dolby Digital 5.1 surround, Dolby surround. | |
| 546 | . | ‡aEnglish or French dialogue; English or Spanish subtitles; closed-captioned. | |
| 511 | 1 | . | ‡aJulia Stiles, Luke Mably, Ben Miller, James Fox, Miranda Richardson. |
| 508 | . | ‡aDirector of photography, Alex Nepomniaschy ; editor, Steven Cohen ; music, Jennie Muskett ; costume designer, Magali Guidasci ; production designer, James Spencer. | |
| 521 | 8 | . | ‡aMPAA rating: PG; for some sex-related material and language. |
| 520 | . | ‡aPaige is a college student at a university in Wisconsin where she hopes to attend medical school. One day, Paige meets a new student on campus, Eddie, who is obviously attracted to her. Paige and Eddie strike up a friendship which slowly turns into romance. Paige learns that Eddie is actually Prince Edward, heir to the throne of Denmark, who has come to Wisconsin to chase girls and enjoy himself away from the eye of the European press. Now Paige must decide if she wants to give up her dreams and ambitions, even if she gets her prince in return. | |
| 500 | . | ‡aSpecial features: commentary by director Martha Coolidge; the lawn mower race of 'The prince & me'; inside the fairy tale: 'The prince & me'; 7 deleted/extended scenes; alternate ending; gag reel; theatrical trailer. | |
| 650 | 0. | ‡aWomen college students ‡zWisconsin ‡vDrama. | |
| 650 | 0. | ‡aPrinces ‡zDenmark ‡vDrama. ‡0(LARL_NWRL_CONSORTIUM)166927 | |
| 650 | 0. | ‡aMan-woman relationships ‡vDrama. ‡0(LARL_NWRL_CONSORTIUM)166008 | |
| 650 | 7. | ‡aMan-woman relationships ‡2fast ‡0(LARL_NWRL_CONSORTIUM)38460 | |
| 650 | 7. | ‡aPrinces ‡2fast ‡0(LARL_NWRL_CONSORTIUM)28811 | |
| 650 | 7. | ‡aWomen college students ‡2fast ‡0(LARL_NWRL_CONSORTIUM)34649 | |
| 651 | 7. | ‡aDenmark ‡2fast ‡0(LARL_NWRL_CONSORTIUM)177491 | |
| 651 | 7. | ‡aWisconsin ‡2fast ‡0(LARL_NWRL_CONSORTIUM)1990 | |
| 655 | 0. | ‡aDVDs. | |
| 655 | 7. | ‡aDrama ‡2fast | |
| 655 | 7. | ‡aFeature films ‡2fast ‡0(LARL_NWRL_CONSORTIUM)175625 | |
| 655 | 7. | ‡aRomantic comedy films ‡2fast ‡0(LARL_NWRL_CONSORTIUM)175729 | |
| 655 | 7. | ‡aVideo recordings for the hearing impaired ‡2fast ‡0(LARL_NWRL_CONSORTIUM)175744 | |
| 655 | 7. | ‡aFeature films. ‡2gsafd ‡0(LARL_NWRL_CONSORTIUM)175625 | |
| 655 | 7. | ‡aRomantic comedy films. ‡2gsafd ‡0(LARL_NWRL_CONSORTIUM)175729 | |
| 655 | 7. | ‡aVideo recordings for the hearing impaired. ‡2gsafd ‡0(LARL_NWRL_CONSORTIUM)175744 | |
| 655 | 7. | ‡aFeature films. ‡2lcgft ‡0(LARL_NWRL_CONSORTIUM)175625 | |
| 655 | 7. | ‡aRomantic comedy films. ‡2lcgft ‡0(LARL_NWRL_CONSORTIUM)175729 | |
| 655 | 7. | ‡aVideo recordings for the hearing impaired. ‡2lcgft ‡0(LARL_NWRL_CONSORTIUM)175744 | |
| 700 | 1 | . | ‡aCoolidge, Martha. ‡0(LARL_NWRL_CONSORTIUM)106664 |
| 700 | 1 | . | ‡aAmin, Mark. ‡0(LARL_NWRL_CONSORTIUM)218342 |
| 700 | 1 | . | ‡aAmiel, Jack. ‡0(LARL_NWRL_CONSORTIUM)209248 |
| 700 | 1 | . | ‡aBegler, Michael. ‡0(LARL_NWRL_CONSORTIUM)209249 |
| 700 | 1 | . | ‡aFugate, Katherine. ‡0(LARL_NWRL_CONSORTIUM)210145 |
| 700 | 1 | . | ‡aStiles, Julia, ‡d1981- ‡0(LARL_NWRL_CONSORTIUM)146360 |
| 700 | 1 | . | ‡aMably, Luke, ‡d1976- ‡0(LARL_NWRL_CONSORTIUM)210833 |
| 700 | 1 | . | ‡aMiller, Ben, ‡d1966- ‡0(LARL_NWRL_CONSORTIUM)149740 |
| 700 | 1 | . | ‡aFox, James, ‡d1939- ‡0(LARL_NWRL_CONSORTIUM)76327 |
| 700 | 1 | . | ‡aRichardson, Miranda. ‡0(LARL_NWRL_CONSORTIUM)140322 |
| 700 | 1 | . | ‡aNepomniaschy, Alex. ‡0(LARL_NWRL_CONSORTIUM)220017 |
| 700 | 1 | . | ‡aCohen, Steven. ‡0(LARL_NWRL_CONSORTIUM)99281 |
| 700 | 1 | . | ‡aMuskett, Jennie. |
| 700 | 1 | . | ‡aGuidasci, Magali. |
| 700 | 1 | . | ‡aSpencer, James. ‡0(LARL_NWRL_CONSORTIUM)181868 |
| 710 | 2 | . | ‡aParamount Pictures Corporation. ‡0(LARL_NWRL_CONSORTIUM)57097 |
| 710 | 2 | . | ‡aLions Gate Home Entertainment. ‡0(LARL_NWRL_CONSORTIUM)147778 |
| 710 | 2 | . | ‡aSobini Films (Firm) ‡0(LARL_NWRL_CONSORTIUM)210836 |
| 901 | . | ‡a480821 ‡bAUTOGEN ‡c480821 ‡tbiblio | |

Add to basket
Permalink
Disable Highlighting